00984nab a2200253uuc4500001000800000005001700008008004100025035001200066035002100078040001300099041000800112100004100120245016300161650002700324650003600351650004300387650004500430650003200475700003700507700005400544773010300598942001000701999001900711117773920250311173537.0091109e20081101 spa  a1177739 a(OCoLC)820513646 ccomduadb aspa10aMindiola, Mírley4auteaut955419910aÍndice de carga contaminante para los vertimientos generados durante el proceso de refinación química de oro en los talleres de joyería de Bucaramanga aMetales pesados941521 7aMetalurgia del oro2lemb915435 aPropiedades físico-químicas932105 aRefinación de metales preciosos957492 7aContaminantes2embne97803810aPedraza, Julio4auteaut958360410aEscalante Hernández, Humberto4auteaut95719990 tDYNA (Medellín)gVolumen 075, Número 156, Noviembre 2008, p. 135-146w188384x0012-7353082258 cARIMP c534663d534663